Homiletika v Katolíckych novinách

Bibliographic Details
Main Author: Zemko, Pavol, 1964- (Author)
Format: Article
Language:Slovak
ISBN:8071623350
Subjects:

MARC

LEADER 00000nab a2200000 a 4500
001 vtls000840586
003 SK-MaSNL
005 20260305032422.0
008 161006c2001 xo 0 slo
015 |a SNBRA2003/07-20670 
035 |a CLN000192241 
040 |a SNKBUCL  |b slo  |c SNKBUCL  |e AACR2 
041 0 |a slo 
044 |a xo  |c SK 
080 |a 282:050(437.6):296.46  |2 1997 
080 |a 296.46  |2 1997 
080 |a 251  |2 1997 
080 |a 050(437.6):282  |2 1997 
100 1 |a Zemko, Pavol,  |d 1964-  |4 aut  |9 92629 
245 1 0 |a Homiletika v Katolíckych novinách  |c Pavol Zemko 
504 |a Bibliogr. odkazy 
630 0 7 |a Katolícke noviny  |2 snkbucl  |9 313040 
650 0 7 |a homiletika  |2 snkbucl  |9 1812 
651 7 |a Trnava (Slovensko : okres)  |2 snkbucl  |9 51837 
655 7 |a články zo zborníkov  |2 snkbucl  |9 166140 
773 0 |w SK01SNK20000365806  |z 8071623350  |t 130 rokov Spolku svätého Vojtecha a 150 rokov Katolíckych novín  |d Trnava : Spolok sv. Vojtecha, 2001  |g S. 93-99 
850 |a Slovenská národná knižnica v Martine 
852 |a SNK  |b KIS3GCP 
958 |a NB 
958 |a SK 
999 |c 3320006  |d 3321936